000 004780000a22001930004500
003 LK-CoMWRAF
005 20230906125803.0
008 230817t1995 ||||| |||| 00| 0 eng d
020 _a9559552902
040 _aLK-CoMWRAF
_dLK-CoMWRAF
_eLK-CoMWRAF
041 _aeng
082 _a823
_bKUL
100 _aKulatunga, Sita
245 _aDari the third wife
260 _aColombo :
_bPasadd Books Ltd,
_c1995
300 _a126p
650 _aEnglish Fiction-Sri Lanka
942 _cBK
999 _c89
_d89